000
00330nam a2200133Ia 4500
008
240624s9999 xx 000 0 und d
041
_a
eng
082
_a
823 DHI
100
_a
DHILLON KANIKA
245
_a
BOMBAY DUCK IS A FISH
260
_c
2011
_a
Chennai
_b
Westland And Tranquebar Press
300
_a
200 : p.
365
_c
RS
_b
25
999
_c
18178
_d
18178